Vitajte, Mr. Bush!

Bibliographic Details
Main Author: Tamás, Gáspár Miklós, 1948- (Author)
Other Authors: Szolnokiová, Juliana, 1946-2009 (Translator)
Format: Article
Language:Slovak
PhysicalDescription:Fotogr., obr.
ISSN:1335-2296
Subjects:

MARC

LEADER 00000nab a2200000 a 4500
001 vtls008426977
003 SK-MaSNL
005 20260426083951.0
008 250505c2005 xo zr|p|||||||000 b|slo
015 |a SNBRB2006/01  |2 snkbucl 
035 |a (uuid)1cb24f12-cdbb-49b5-b8a9-f611b567ae32 
035 |a urn:nbn:sk:snk-aba0d8 
035 |a (urnnbn)urn:nbn:sk:snk:ar-a097io 
040 |a SNKBUCL  |b slo  |c SNKBUCL  |e AACR2 
041 0 |a slo 
044 |a xo  |c SK 
080 |a 321.011.5  |2 1997 
080 |a 141.7  |2 1981 
080 |a 327  |x (73:4-11)  |2 1981 
080 |a 327.2  |x (73)  |2 1981 
100 1 |a Tamás, Gáspár Miklós,  |d 1948-  |4 aut  |9 1063769 
245 1 0 |a Vitajte, Mr. Bush!  |c Gáspár Miklós Tamás; preklad Juliana Szolnokiová 
300 |b Fotogr., obr. 
504 |a Bibliogr. odkazy 
650 0 7 |a americký imperializmus  |2 snkbucl  |9 1314152 
650 0 7 |a sociálna demokracia  |2 snkbucl  |9 4827 
651 7 |a Spojené štáty americké  |2 snkbucl  |9 18262 
651 7 |a Európa východná  |2 snkbucl  |9 167635 
655 7 |a štúdie  |2 snkbucl  |9 57033 
700 1 |a Szolnokiová, Juliana,  |d 1946-2009  |4 trl  |9 131907 
773 0 |t OS  |g Roč. 9, č. 11-12 (2005), s. 28-47  |x 1335-2296 
850 |a Slovenská národná knižnica 
852 |a Slovenská národná knižnica 
954 |a odborná, vedecká literatúra pôvodná (slovenská)  |2 lita 
958 |a article13 
958 |a OND 
958 |a NP 
958 |a US 
958 |a EUIPO 
999 |c 2917621  |d 2919551